[Event "Sao Paulo m"]
[Site "Sao Paulo"]
[Date "1992.??.??"]
[Round "6"]
[White "Mecking, Henrique"]
[Black "Seirawan, Yasser"]
[Result "1/2-1/2"]
[WhiteElo "2610"]
[BlackElo "2600"]
[Annotator "Schussler,H"]
[PlyCount "55"]
[EventDate "1992.03.??"]
[EventType "match"]
[EventRounds "6"]
[EventCountry "BRA"]
[SourceTitle "CBM 030"]
[Source "ChessBase"]
[SourceDate "1992.10.01"]
[SourceVersion "1"]
[SourceVersionDate "1992.10.01"]
[SourceQuality "1"]

1. d4 Nf6 2. c4 e6 3. Nf3 Bb4+ 4. Bd2 Qe7 5. g3 Nc6 6. Bg2 Bxd2+ 7. Nbxd2 d6 8.
O-O O-O 9. e4 e5 10. d5 Nb8 11. Ne1 a5 12. Nd3 Na6 13. f4 Nd7 $1 14. f5 (14.
Qf3 Ndc5 15. Nxc5 Nxc5 16. f5 Bd7 17. Qe3 f6 18. Bf3 g5 19. h4 {Mecking,
H-Seirawan,Y, Sao Paolo m (2) 1992. CBM 30 game 850. Black continued passively
and White got a small edge.}) 14... Ndc5 15. Qe2 Bd7 16. Nxc5 Nxc5 17. Qe3 f6
18. b3 b5 $1 {The correct methode.} 19. cxb5 Bxb5 20. Rfc1 c6 $1 21. dxc6 Qc7
22. Rc3 Qxc6 23. Bf1 Rfb8 24. Bc4+ Bxc4 25. Rxc4 Rb5 26. Rac1 Qb7 $10 27. Nb1
Rb4 28. Nc3 1/2-1/2

[Event "URS-ch58"]
[Site "Moscow"]
[Date "1991.??.??"]
[Round "3"]
[White "Naumkin, Igor"]
[Black "Ulybin, Mikhail"]
[Result "1/2-1/2"]
[WhiteElo "2490"]
[BlackElo "2565"]
[Annotator "Schussler,H"]
[PlyCount "41"]
[EventDate "1991.11.??"]
[EventType "swiss"]
[EventRounds "11"]
[EventCountry "URS"]
[SourceTitle "URS-ch"]
[Source "ChessBase"]
[SourceDate "1999.07.01"]
[SourceVersion "1"]
[SourceVersionDate "1999.07.01"]
[SourceQuality "1"]

1. d4 e6 2. c4 Nf6 3. Nf3 Bb4+ 4. Bd2 Qe7 5. g3 Nc6 6. Bg2 Bxd2+ (6... d5 7.
Qc2 O-O 8. O-O Bxd2 9. Nbxd2 Rd8 10. Rfd1 e5 $2 11. dxe5 Nxe5 12. Nxe5 Qxe5 13.
cxd5 Qxe2 14. Qxc7 $1 (14. Re1 Bf5 $1 15. Rxe2 Bxc2 16. Rc1 Bd3 $10 {Glimbrant,
T-Barkhagen,J, Sweden 1991.}) 14... Bg4 15. Qxb7 $16 Rab8 16. Qxa7 Rxb2 17. Qd4
{17.Nf1 Ne4.} Rxa2 18. Nf1 Rxa1 19. Rxa1 Bf3 20. Ne3 h5 $2 {20. - Bxg2 +/- / +
-} 21. Bf1 {1 - 0, Schüssler,H-Barkhagen, J, Stockholm 1992.}) 7. Nbxd2 d6 8.
O-O a5 9. e4 e5 10. d5 Nb8 11. b3 {11.Ne1.} O-O 12. a3 Na6 13. b4 Bd7 14. Qb3
axb4 15. axb4 c5 $1 16. dxc6 bxc6 17. Rfb1 Nc7 18. Qc3 Rfb8 19. h3 Bc8 20. Rxa8
{20.Bf1!?} Rxa8 21. Bf1 1/2-1/2

[Event "San Francisco"]
[Site "San Francisco"]
[Date "1991.??.??"]
[Round "10"]
[White "Adianto, Utut"]
[Black "Christiansen, Larry Mark"]
[Result "0-1"]
[WhiteElo "2470"]
[BlackElo "2590"]
[Annotator "Schussler,H"]
[PlyCount "76"]
[EventDate "1991.03.??"]
[EventType "tourn"]
[EventRounds "11"]
[EventCountry "USA"]
[EventCategory "12"]
[SourceTitle "CBM 023"]
[Source "ChessBase"]
[SourceDate "1991.08.01"]
[SourceVersion "1"]
[SourceVersionDate "1991.08.01"]
[SourceQuality "1"]

1. d4 Nf6 2. Nf3 e6 3. c4 Bb4+ 4. Bd2 a5 5. g3 d6 6. Bg2 Nbd7 7. O-O e5 8. e3
Bxd2 9. Qxd2 O-O 10. Nc3 Qe7 11. Rfd1 Re8 12. Nb5 Nf8 13. c5 e4 14. cxd6 cxd6
15. Ne1 Bg4 16. Rdc1 Ne6 17. Rc2 Qd7 18. a4 Ng5 19. Nc7 Bf3 20. Nxf3 exf3 21.
Nxe8 {21.Bf1 Nh3+ 22.Kh1 Ne4 followed by Rec8 is also saticfactory for Black.}
Nh3+ $1 22. Kh1 fxg2+ 23. Kxg2 Rxe8 24. Qxa5 d5 25. Qb5 Qf5 26. Rac1 h5 27. Qe2
Ng5 28. f3 h4 29. gxh4 Qh3+ 30. Kh1 Nxf3 31. Qg2 Qxg2+ 32. Kxg2 Rxe3 33. Rc3
Nxh4+ 34. Kf1 Re4 35. Rb3 Rf4+ 36. Kg1 Ne4 37. Rxb7 Rf2 38. Rb3 Rg2+ 0-1

[Event "World Cup"]
[Site "Reykjavik"]
[Date "1991.??.??"]
[Round "12"]
[White "Portisch, Lajos"]
[Black "Chandler, Murray G"]
[Result "1-0"]
[WhiteElo "2570"]
[BlackElo "2605"]
[Annotator "Schussler,H"]
[PlyCount "153"]
[EventDate "1991.09.??"]
[EventType "tourn"]
[EventRounds "15"]
[EventCountry "ISL"]
[EventCategory "16"]
[SourceTitle "CBM 026"]
[Source "ChessBase"]
[SourceDate "1992.02.01"]
[SourceVersion "1"]
[SourceVersionDate "1992.02.01"]
[SourceQuality "1"]

1. d4 Nf6 2. c4 e6 3. Nf3 Bb4+ 4. Bd2 c5 5. Bxb4 {A direct method, giving
White a central majority.} cxb4 6. g3 O-O 7. Bg2 d6 8. Nbd2 Re8 9. Nf1 a5 {
A bad thing with this move is that the b-P will become weak later on.} 10. Ne3
b6 11. a3 $1 bxa3 12. bxa3 Ba6 13. O-O Nbd7 14. Qb3 $14 Rc8 15. Rfc1 Qe7 16.
Rc2 Rc7 17. Rac1 Rec8 18. Nd2 g6 19. Qb2 d5 20. cxd5 Rxc2 21. Rxc2 Rxc2 22.
Qxc2 Qxa3 {22. - exd5 23.Nb1!?.} 23. dxe6 fxe6 24. Qc6 $14 {Pawns in the
center are often more useful than pawns on a flank.} Bxe2 25. Qxe6+ Kf8 26. Bd5
Qe7 27. Qc6 Kg7 28. Ndc4 Bxc4 29. Bxc4 Qe4 30. Qd6 a4 31. g4 Qb1+ 32. Bf1 Qa2
33. Bd3 Qf7 34. g5 Ne8 35. Qb4 Qb3 36. Qb5 $1 $16 Qe6 37. Qxa4 Nd6 38. Qc6 Qe7
39. Kf1 Qe6 40. Kg1 Qe7 41. Kf1 Nf7 42. Qb7 Nd8 43. Qd5 Qe6 44. Qa8 Nf7 45. Qb7
Nf8 46. Bc4 Qh3+ 47. Ke2 Ne6 48. Bxe6 Qxe6 49. h4 Qd6 50. Qe4 b5 51. d5 h6 52.
Qd4+ Kf8 53. f4 hxg5 54. hxg5 Qd7 55. Kd3 Qd6 56. Nc2 Qa6 57. Kc3 Kg8 58. Qc5
Nd6 59. Qc6 Qa5+ 60. Kd3 Qd8 61. Nd4 Qe7 62. Ne6 Kf7 63. Qa8 Ne8 64. Qa5 Qd7
65. Ke4 Nd6+ 66. Kd3 Ne8 67. Kd4 Nd6 68. Qa8 Qe7 69. Kc3 Nc4 70. Kb3 Qd6 71.
Qa1 $1 Nb2 $1 72. Qa7+ $1 (72. Kxb2 $2 Qxd5 $1 $10 {72. - Qb4+? 73.Kc2.}) 72...
Ke8 73. Qa8+ Kf7 74. Qb7+ Ke8 75. Qxb5+ Kf7 76. Kxb2 Qe7 77. Qb8 1-0

[Event "Munich SKA"]
[Site "Munich"]
[Date "1992.??.??"]
[Round "9"]
[White "Hansen, Curt"]
[Black "Jussupow, Artur"]
[Result "1/2-1/2"]
[WhiteElo "2620"]
[BlackElo "2655"]
[Annotator "Schussler,H"]
[PlyCount "54"]
[EventDate "1992.05.??"]
[EventType "tourn"]
[EventRounds "11"]
[EventCountry "GER"]
[EventCategory "14"]
[SourceTitle "CBM 030"]
[Source "ChessBase"]
[SourceDate "1992.10.01"]
[SourceVersion "1"]
[SourceVersionDate "1992.10.01"]
[SourceQuality "1"]

1. d4 Nf6 2. c4 e6 3. Nf3 Bb4+ 4. Nbd2 O-O 5. a3 Be7 6. e4 d5 7. Qc2 dxe4 8.
Nxe4 Nc6 9. Bd3 Nxd4 $5 (9... h6 10. Be3 $14 Ng4 11. Rd1 f5 12. Nc3 Bf6 13. O-O
Bxd4 14. Bxf5 Rxf5 15. Bxd4 Rxf3 16. gxf3 Nxh2 17. Kxh2 Qh4+ $10 {Epishin,
V-Arnason,J, New York Open 1989.}) 10. Nxd4 Qxd4 11. Nxf6+ Bxf6 12. Bxh7+ Kh8
13. Be4 {This was considered to be +/= but...} Bd7 $5 14. Rb1 (14. Bxb7 Rab8
15. Bf3 Qe5+ $13) 14... Bc6 15. Bxc6 bxc6 {White`s weak b-P almost compensates
for Black`s c-Ps.} 16. Be3 {+/=/=} Qe5 17. O-O Rfb8 18. b4 a5 19. bxa5 Qxa5 20.
Qe4 Qxa3 21. Rbd1 Rd8 22. Qxc6 Rxd1 23. Rxd1 Qa4 24. Qf3 c6 25. Qe2 Qa2 26.
Qxa2 Rxa2 27. g3 Ra4 {28.c5 +/=/=. C6 can be attacked.} 1/2-1/2

[Event "Haninge"]
[Site "Haninge"]
[Date "1992.??.??"]
[Round "10"]
[White "Hansen, Lars Bo"]
[Black "Andersson, Ulf"]
[Result "1/2-1/2"]
[WhiteElo "2535"]
[BlackElo "2605"]
[Annotator "Schussler,H"]
[PlyCount "53"]
[EventDate "1992.05.??"]
[EventType "schev"]
[EventRounds "5"]
[EventCountry "SWE"]
[SourceTitle "CBM 030"]
[Source "ChessBase"]
[SourceDate "1992.10.01"]
[SourceVersion "1"]
[SourceVersionDate "1992.10.01"]
[SourceQuality "1"]

1. d4 Nf6 2. Nf3 e6 3. c4 Bb4+ 4. Bd2 Bxd2+ 5. Qxd2 O-O 6. g3 $1 (6. Nc3 d5 7.
e3 Qe7 8. Rc1 Rd8 9. Bd3 $6 (9. Qc2 dxc4 10. Bxc4 c5 11. O-O Nc6 {Draw.
Naumkin,I-Kuzmin,G, St.Petersburg 1992. CBM 30 game 895.}) 9... dxc4 10. Bxc4
c5 $10 {Draw. Moskalenko,V-Kiselev,S, Moscow 1992. CBM 30 game 344.}) 6... d5
7. Bg2 Nbd7 {More flexible than 7. - c6.} (7... c6 8. O-O Nbd7 9. Rc1 Qe7 10.
Qe3 $1 Re8 11. cxd5 $6 {Giving up any hope of an advantage.} exd5 $10 {Yuferov,
S-Piesina,G, Moscow 1992. CBM 30 game 429.}) 8. Qc2 {8.0-0!?.} b6 9. cxd5 Nxd5
10. Nc3 Bb7 11. Nxd5 Bxd5 12. e4 Bb7 13. O-O Rc8 14. Rad1 c6 {Prevents 15.d5.}
15. e5 {15.b4!?} Rc7 $1 16. Nd2 c5 $10 17. Bxb7 cxd4 $1 18. Qe4 Nc5 19. Qg4
Nxb7 20. Ne4 Kh8 21. Nd6 Nxd6 22. Rxd4 Rc5 23. Rxd6 {23.exd6!?.} Qc7 24. Qd4 h6
25. Rd7 Qxe5 26. Qxe5 Rxe5 27. Rxa7 1/2-1/2

[Event "SUI-GP"]
[Site "Suhr"]
[Date "1991.??.??"]
[Round "3"]
[White "Zueger, Beat"]
[Black "Rozentalis, Eduardas"]
[Result "1/2-1/2"]
[WhiteElo "2425"]
[BlackElo "2570"]
[Annotator "Schussler,H"]
[PlyCount "80"]
[EventDate "1991.03.??"]
[EventType "tourn"]
[EventRounds "9"]
[EventCountry "SUI"]
[EventCategory "8"]
[SourceTitle "CBM 022"]
[Source "ChessBase"]
[SourceDate "1991.06.01"]
[SourceVersion "1"]
[SourceVersionDate "1991.06.01"]
[SourceQuality "1"]

1. d4 Nf6 2. c4 e6 3. Nf3 Bb4+ 4. Bd2 Qe7 5. g3 Nc6 6. Bg2 Bxd2+ 7. Nbxd2 d6 8.
O-O O-O 9. e4 e5 10. d5 Nb8 11. Qa4 $5 Bg4 12. Rfc1 Bxf3 13. Bxf3 Nbd7 14. Rc3
Rfc8 15. Qc2 c6 16. Bg2 Rc7 17. Bh3 Rac8 18. dxc6 Rxc6 19. Rc1 h5 20. Nf1 g6
21. Ne3 Kg7 22. f3 h4 23. Qd2 hxg3 24. hxg3 Rh8 25. Kg2 a5 26. Rh1 Nc5 27. Rcc1
Ra6 28. Bg4 Rxh1 29. Rxh1 Ng8 30. Nd5 Qd8 31. Kg1 Ne6 32. Qh2 Qg5 33. Qh7+ Kf8
34. Bxe6 Qxg3+ 35. Kf1 Qxf3+ 36. Ke1 Qxe4+ 37. Kd2 Qd4+ 38. Ke1 Qe4+ 39. Kf2
Qd4+ 40. Kg2 Qd2+ 1/2-1/2

[Event "WchT 2nd"]
[Site "Luzern"]
[Date "1989.??.??"]
[Round "9.4"]
[White "Ivanchuk, Vassily"]
[Black "Hernandez Onna, Roman"]
[Result "1-0"]
[WhiteElo "2660"]
[BlackElo "2450"]
[Annotator "Schussler,H"]
[PlyCount "101"]
[EventDate "1989.10.27"]
[EventType "team-tourn"]
[EventRounds "9"]
[EventCountry "SUI"]
[SourceTitle "CBM 016"]
[Source "ChessBase"]
[SourceDate "1990.06.01"]
[SourceVersion "1"]
[SourceVersionDate "1990.06.01"]
[SourceQuality "1"]
[WhiteTeam "Soviet Union"]
[BlackTeam "Cuba"]
[WhiteTeamCountry "URS"]
[BlackTeamCountry "CUB"]

1. d4 Nf6 2. c4 e6 3. Nf3 Bb4+ 4. Bd2 Qe7 5. g3 Nc6 6. Bg2 Bxd2+ 7. Nbxd2 d6 8.
O-O a5 9. e4 e5 10. d5 Nb8 11. Ne1 h5 12. h3 $5 (12. h4 O-O 13. b3 Na6 14. a3
c6 15. Nd3 cxd5 16. cxd5 Bd7 17. Nc4 Bb5 $10 {Bönsch-Foisor, DDR-Romania 1983.}
) 12... h4 13. g4 $14 Nbd7 14. Nd3 b6 15. Qc2 Nc5 16. Nxc5 bxc5 17. f4 Nd7 18.
f5 Nf6 19. Nf3 Bd7 20. Rae1 Rb8 21. Rf2 a4 22. Bf1 Qd8 23. Qd2 Rb4 24. Bd3 Qb8
25. Ree2 Bc8 26. Qg5 Kf8 27. Rc2 Bd7 28. Kg2 c6 29. Rfe2 Kg8 30. Qc1 Qd8 31.
Rc3 cxd5 32. exd5 Bc8 33. b3 Bb7 34. Qe1 Nh7 35. bxa4 Ng5 36. Nxg5 Qxg5 37. Rb3
Qf4 38. Re4 Qg3+ 39. Qxg3 hxg3 40. Rxb4 cxb4 41. Re2 Kh7 42. Rb2 Rb8 43. Kxg3
Bc8 44. h4 f6 45. g5 fxg5 46. hxg5 Kg8 47. g6 Bd7 48. a5 Kf8 49. Kg4 Ra8 50.
Rxb4 Rxa5 51. Rb8+ 1-0

[Event "Belgrade Investbank"]
[Site "Belgrade"]
[Date "1989.11.??"]
[Round "4"]
[White "Kasparov, Garry"]
[Black "Timman, Jan H"]
[Result "1/2-1/2"]
[WhiteElo "2775"]
[BlackElo "2635"]
[Annotator "Schussler,H"]
[PlyCount "96"]
[EventDate "1989.11.??"]
[EventType "tourn"]
[EventRounds "11"]
[EventCountry "YUG"]
[EventCategory "15"]
[SourceTitle "CBM 016"]
[Source "ChessBase"]
[SourceDate "1990.06.01"]
[SourceVersion "1"]
[SourceVersionDate "1990.06.01"]
[SourceQuality "1"]

1. d4 Nf6 2. c4 e6 3. Nf3 Bb4+ 4. Bd2 Bxd2+ 5. Qxd2 O-O 6. g3 d5 7. Bg2 Qe7 8.
O-O Rd8 9. Rc1 c6 10. Qe3 Bd7 11. Nbd2 Be8 12. Nb3 {Timman himself has
continued with 12. a3, preparing for b2-b4, in two games versus Predrag
Nikolic. With his new move Kasparov wants to put the knight on the good square
a5 putting pressure on b7 and c6.} Nbd7 13. Na5 Rab8 14. Rab1 Rdc8 15. cxd5 $1
Nxd5 {15. - cxd5 could have been answered by 16. Rxc8 Rxc8 17. Nxb7.} 16. Qd2
c5 17. e4 N5b6 18. e5 h6 19. a3 Nd5 20. Nc4 Rd8 (20... cxd4 21. Qxd4 N7b6 22.
Nd6 Rxc1+ 23. Rxc1 Bc6 $10) 21. Qe1 cxd4 22. Nxd4 Nc5 23. Rd1 $14 Nb6 24. Nd6
Nc8 25. Rbc1 Na4 26. Nxb7 $1 Rxb7 27. Bxb7 Qxb7 28. Nxe6 $1 Rxd1 29. Qxd1 Nab6
30. Rc7 Qe4 31. Qd8 Qe1+ 32. Kg2 Qe4+ 33. Kg1 Qe1+ 34. Kg2 Qe4+ 35. f3 Qe2+ 36.
Kh3 Qb5 37. a4 Qxa4 38. Nc5 (38. Nd4 $1 Kh7 39. b3 Bd7+ 40. e6 Qxd4 41. exd7
Nd6 42. Qe7 $18 {(Timman)}) 38... Qb5 39. Nd7 Qf1+ 40. Kg4 Nd6 41. Nf6+ gxf6
42. exd6 h5+ 43. Kh4 Qe2 44. h3 Kg7 45. Re7 Qb5 46. f4 Bd7 47. Re5 Qf1 48. Rg5+
fxg5+ 1/2-1/2

[Event "Hastings 9091"]
[Site "Hastings"]
[Date "1990.12.??"]
[Round "1"]
[White "Larsen, Bent"]
[Black "King, Daniel J"]
[Result "1-0"]
[WhiteElo "2545"]
[BlackElo "2560"]
[Annotator "Schussler,H"]
[PlyCount "67"]
[EventDate "1990.12.??"]
[EventType "tourn"]
[EventRounds "14"]
[EventCountry "ENG"]
[EventCategory "13"]
[SourceTitle "CBM 022"]
[Source "ChessBase"]
[SourceDate "1991.06.01"]
[SourceVersion "1"]
[SourceVersionDate "1991.06.01"]
[SourceQuality "1"]

1. Nf3 Nf6 2. d4 e6 3. c4 Bb4+ 4. Bd2 Qe7 5. g3 Nc6 6. Bg2 Bxd2+ 7. Nbxd2 d6 8.
O-O a5 9. e4 e5 10. d5 Nb8 11. Ne1 h5 {King plays in his opponents style!} 12.
h4 O-O 13. Nd3 Bd7 14. Qe2 Na6 15. b3 c6 16. Rfc1 Rfc8 (16... cxd5 17. cxd5 b5
18. a4 $5 {Trying to establish a knight on c4.}) 17. a4 b6 $6 18. dxc6 Rxc6 $6
19. Nb1 $14 g6 {19. - Nc5!} 20. Nc3 Qd8 21. Ra2 Bg4 22. Qe3 Qf8 23. Rd2 Rb8 24.
f3 Bc8 25. Rcd1 Ne8 26. Nb5 Kh7 27. f4 $16 Qe7 28. f5 Qf8 29. Rf1 Qh6 30. fxg6+
Qxg6 31. Na7 $1 $18 Rc7 32. Nxc8 Rcxc8 33. Bh3 Kg8 34. Bf5 1-0

[Event "Dortmund"]
[Site "Dortmund"]
[Date "1992.??.??"]
[Round "9"]
[White "Bareev, Evgeny"]
[Black "Adams, Michael"]
[Result "1/2-1/2"]
[WhiteElo "2635"]
[BlackElo "2620"]
[Annotator "Schussler,H"]
[PlyCount "87"]
[EventDate "1992.04.16"]
[EventType "tourn"]
[EventRounds "9"]
[EventCountry "GER"]
[EventCategory "17"]
[SourceTitle "CBM 029"]
[Source "ChessBase"]
[SourceDate "1992.08.01"]
[SourceVersion "1"]
[SourceVersionDate "1992.08.01"]
[SourceQuality "1"]

1. d4 Nf6 2. Nf3 e6 3. c4 Bb4+ 4. Nbd2 O-O 5. a3 Be7 6. e4 d5 7. Qc2 dxe4 (7...
c5 8. dxc5 a5 9. cxd5 exd5 10. Bd3 h6 11. O-O Nc6 12. h3 Be6 13. b3 $14 {
Dreev-Oll, Soviet 1989}) (7... b6 8. Bd3 g6 9. O-O Bb7 10. Rd1 a5 11. cxd5 exd5
12. e5 $14 {Miralles-Spassky, Cannes 1989}) 8. Nxe4 Nc6 9. Bd3 Nxe4 (9... h6
10. Be3 (10. Qc3 Nxd4 11. Nxd4 Nxe4 12. Bxe4 Bf6 13. Be3 c5 14. O-O-O $14 {
(Yusupov,A)}) 10... Ng4 11. Rd1 f5 12. Nc3 Bf6 13. O-O Bxd4 14. Bxf5 Rxf5 15.
Bxd4 Rxf3 16. gxf3 Nxh2 $13 {Epishin-Arnason, New York 1989}) (9... Nxd4 10.
Nxd4 Qxd4 11. Nxf6+ Bxf6 12. Bxh7+ Kh8 13. Be4 $14) 10. Bxe4 Nxd4 11. Nxd4 Qxd4
12. Be3 {12.Bxh7+!?} Qe5 13. Bxh7+ Kh8 14. Bd3 Bc5 15. O-O Bd6 (15... Bxe3 16.
fxe3 Qxe3+ 17. Kh1 e5 $16) 16. g3 Qh5 17. c5 {+/- / +/=} Be7 18. Be2 Qf5 19.
Bd3 Qh5 20. c6 Bd6 21. Be4 b6 22. f4 Ba6 23. Rf2 Rae8 24. Rd1 Bc8 25. Qa4 b5
26. Qb3 a6 27. Re1 Kg8 28. Kg2 Rd8 29. Qc3 Rfe8 30. b4 Qg4 31. Ba7 f6 32. h3
Qh5 33. Rf3 Be7 34. g4 Qf7 35. Bc2 Rd6 36. Bb3 f5 37. g5 Red8 38. Rfe3 Kh7 39.
R1e2 Bf8 40. Qe1 Rxc6 41. Bxe6 Bxe6 42. Rxe6 Rxe6 43. Rxe6 Rd2+ 44. Kg3 1/2-1/2

[Event "Dortmunder Schachtage-A 18th"]
[Site "Dortmund"]
[Date "1990.04.16"]
[Round "11"]
[White "Lobron, Eric"]
[Black "Bischoff, Klaus"]
[Result "1/2-1/2"]
[WhiteElo "2545"]
[BlackElo "2505"]
[Annotator "Schussler,H"]
[PlyCount "107"]
[EventDate "1990.04.05"]
[EventType "tourn"]
[EventRounds "11"]
[EventCountry "GER"]
[EventCategory "13"]
[SourceTitle "CBM 018"]
[Source "ChessBase"]
[SourceDate "1990.10.01"]
[SourceVersion "1"]
[SourceVersionDate "1990.10.01"]
[SourceQuality "1"]

1. d4 Nf6 2. c4 e6 3. g3 Bb4+ 4. Bd2 Qe7 5. Bg2 O-O 6. Nf3 Bxd2+ 7. Qxd2 d5 8.
O-O Rd8 9. Rc1 c6 10. Qe3 Bd7 11. Qb3 $5 {Lobron intends to slow down the
development-move 11. - Nbd7 by putting pressure on b7. Usually White reserves
the b3-square for a knight making Nb1-d2-b3-a5(c5) possible.} Be8 12. Nc3 Qc7
13. e3 Qb6 14. Ne5 Nbd7 15. Nf3 Nf8 16. Qa3 Qc7 17. cxd5 exd5 18. b4 a6 19. Qb3
Ne6 20. a4 Qd6 21. Rd1 Nc7 22. Ne5 Nd7 23. Nd3 Nb6 24. Nc5 Rab8 25. Bf1 Ne6 26.
a5 Nc8 27. e4 Nc7 28. e5 Qh6 29. Re1 Ne7 30. Rad1 Bd7 31. Nxd7 Rxd7 32. Na4 Ne6
33. h3 Nc8 34. Nc5 Re7 35. f4 Na7 36. f5 Nxc5 37. bxc5 Nb5 38. Qb2 Rbe8 39. Rd3
f6 40. Rde3 g6 41. Rf3 gxf5 42. Rxf5 Rg7 43. Kh2 Qg6 44. Qf2 Nxd4 45. Rxf6 Qc2
46. Be2 Ne6 47. Rf1 Qxc5 48. Bh5 Qxf2+ 49. R1xf2 Rf8 50. Kg2 Re7 51. Bg4 Rfe8
52. Bh5 Rf8 53. Bg4 Rfe8 54. Bh5 1/2-1/2

[Event "World Cup"]
[Site "Reykjavik"]
[Date "1991.??.??"]
[Round "15"]
[White "Portisch, Lajos"]
[Black "Salov, Valery"]
[Result "1/2-1/2"]
[WhiteElo "2570"]
[BlackElo "2665"]
[Annotator "Schussler,H"]
[PlyCount "25"]
[EventDate "1991.09.??"]
[EventType "tourn"]
[EventRounds "15"]
[EventCountry "ISL"]
[EventCategory "16"]
[SourceTitle "CBM 026"]
[Source "ChessBase"]
[SourceDate "1992.02.01"]
[SourceVersion "1"]
[SourceVersionDate "1992.02.01"]
[SourceQuality "1"]

1. d4 Nf6 2. c4 e6 3. Nf3 Bb4+ 4. Bd2 Qe7 5. g3 Nc6 6. Nc3 (6. Bg2 {The old
main-line.} Bxd2+ 7. Nbxd2 d6) 6... Bxc3 {The most straightforward way to
counter the 6. c3-line, which became popular a few years ago.} 7. Bxc3 Ne4 8.
Rc1 d6 9. Bg2 O-O 10. d5 Nd8 11. dxe6 Nxe6 12. O-O Nxc3 13. Rxc3 {13. - a5!?.
The f3 has a long way to go to reach the outpost d5.} 1/2-1/2

[Event "Bled/Rogaska Slatina"]
[Site "Bled"]
[Date "1991.??.??"]
[Round "3"]
[White "Gostisa, Leon F"]
[Black "Grosar, Aljosa"]
[Result "1-0"]
[WhiteElo "2440"]
[BlackElo "2370"]
[Annotator "Schussler,H"]
[PlyCount "103"]
[EventDate "1991.06.??"]
[EventType "tourn"]
[EventRounds "13"]
[EventCountry "SLO"]
[EventCategory "12"]
[SourceTitle "CBM 024"]
[Source "ChessBase"]
[SourceDate "1991.10.01"]
[SourceVersion "1"]
[SourceVersionDate "1991.10.01"]
[SourceQuality "1"]

1. d4 Nf6 2. Nf3 e6 3. c4 Bb4+ 4. Bd2 c5 5. Bxb4 (5. a3 Bxd2+ 6. Qxd2 cxd4 $5
7. Nxd4 O-O 8. Nc3 d5 9. cxd5 Nxd5 10. e3 Nxc3 11. Qxc3 Bd7 12. Be2 Nc6 $10 {
Oll-Kengis, Sydney 1991.}) 5... cxb4 6. a3 bxa3 7. Nxa3 (7. Rxa3 O-O 8. e3 d6
9. Be2 Qe7 10. O-O b6 {White is minimally better - CBM 24/game 38.}) 7... O-O
8. g3 Nc6 9. Bg2 Qa5+ 10. Qd2 Qxd2+ 11. Kxd2 d5 12. Rhd1 Rd8 13. Ke1 b6 14. Ne5
Nb4 15. Rdc1 Bb7 16. Nc2 Nxc2+ 17. Rxc2 Ne4 18. cxd5 Bxd5 19. Nc6 $14 Bxc6 20.
Rxc6 Rxd4 21. Bxe4 Rxe4 22. Rxa7 Rd8 23. Rxb6 g5 24. f3 Re5 25. Rbb7 Rf5 26. b4
Rd4 27. Ra2 h5 28. Rb2 g4 29. f4 h4 30. e3 Rc4 31. gxh4 Rh5 32. b5 Rxh4 33. b6
g3 34. hxg3 Rh1+ 35. Kd2 Rcc1 36. Kd3 Rhd1+ 37. Ke4 Rb1 38. Rxb1 Rxb1 39. g4
Kg7 40. g5 $18 Rb3 41. Rb8 Kg6 42. b7 Kg7 43. Kd4 Rb1 44. Kc5 Rc1+ 45. Kd6 Rd1+
46. Ke7 Rb1 47. g6 fxg6 48. Kxe6 Rb6+ 49. Kd5 Rb1 50. e4 Rb2 51. e5 Rb1 52. Kd6
{Or 52.e6 followed by e7 + -} 1-0

[Event "Biel"]
[Site "Biel"]
[Date "1990.??.??"]
[Round "11"]
[White "Karpov, Anatoly"]
[Black "Andersson, Ulf"]
[Result "1/2-1/2"]
[WhiteElo "2730"]
[BlackElo "2630"]
[Annotator "Schussler,H"]
[PlyCount "114"]
[EventDate "1990.07.??"]
[EventType "tourn"]
[EventRounds "14"]
[EventCountry "SUI"]
[EventCategory "14"]
[SourceTitle "CBM 019"]
[Source "ChessBase"]
[SourceDate "1990.12.01"]
[SourceVersion "1"]
[SourceVersionDate "1990.12.01"]
[SourceQuality "1"]

1. d4 Nf6 2. c4 e6 3. Nf3 Bb4+ 4. Nbd2 b6 5. a3 Bxd2+ 6. Bxd2 Bb7 7. Bg5 d6 8.
e3 Nbd7 9. Bh4 O-O 10. Bd3 c5 11. O-O cxd4 12. exd4 d5 13. cxd5 (13. Re1 dxc4
14. Bxc4 Qc7 15. Rc1 Rfc8 16. Rc3 Qd6 17. Bg3 Qf8 18. Qd3 a6 19. Ng5 b5 $10 {
Karpov - Andersson, SkellefteÅ 1989.}) 13... Bxd5 14. Ne5 Qc7 15. Qe2 Rac8 16.
Rfe1 Bb7 17. Rad1 Nd5 18. Qh5 $14 N7f6 19. Qg5 Ne7 20. f3 Ng6 21. Bf2 Nd5 22.
Qd2 Qe7 23. Bg3 Rfd8 24. Ng4 Rd7 25. h3 Qd8 26. h4 Nf6 27. Nxf6+ Qxf6 28. h5
Ne7 29. Qf4 Qxf4 30. Bxf4 h6 31. Kf2 Kf8 32. Be3 Nd5 33. Bd2 Rcd8 34. Bb5 Rc7
35. Rc1 Rdc8 36. Bd3 Rxc1 37. Bxc1 Bc6 38. g4 Nf6 39. Ba6 Rd8 40. Be3 Nd5 41.
Rc1 Nxe3 42. Kxe3 Rd6 43. f4 f6 44. Bd3 Ke7 45. b4 Be8 $10 46. Be4 Rd8 47. f5
e5 48. dxe5 fxe5 49. Rc7+ Rd7 50. Rc8 Rd8 51. Rxd8 Kxd8 52. g5 Ke7 53. f6+ gxf6
54. gxh6 Kf8 55. h7 Kg7 56. h6+ Kh8 57. Bf5 Bc6 1/2-1/2